00819cam a2200253 4500001001300000003000400013005001700017008004100034010001700075025002000092040001800112043001200130050001700142110004700159245004400206260007400250300001500324500001700339500002900356505007100385650004700456650004500503999001700548sa 68018534 DLC20260227112712.0711013m19669999ii 000 0 eng  asa 68018534  aPL480:I-E-10617 aDLCcDLCdDLC aa-ii---00aSD414.I5bU81 aUttar Pradesh (India).bForest Department.10aDraft fourth five year plan, 1966-1971. a[Lucknow?]bDy. Chief Conservator of Forests (Planning), U.P.c[1966- av.c34 cm. aCover title. a"For official use only."1 av. 1. Forestry & soil conservation; state and centrally sponsored. 0aForest conservationzIndiazUttar Pradesh. 0aSoil conservationzIndiazUttar Pradesh. c88485d88485